[Event "PMPJ 2022 - C15"]
[Site "Jastrzebia Gora"]
[Date "2022.11.12"]
[Round "2.10"]
[White "Szymkiewicz, Witold"]
[Black "Zieba, Hubert"]
[Result "1/2-1/2"]
[BlackElo "1453"]
[WhiteElo "1658"]
[LiveChessVersion "1.4.4"]

1. d4 {[%clk 1:30:59]} Nf6 {[%clk 1:30:54]} 2. c4 {[%clk 1:31:18]} e6
{[%clk 1:31:19]} 3. Nc3 {[%clk 1:30:06]} Bb4 {[%clk 1:31:43]} 4. Qc2
{[%clk 1:29:31]} d5 {[%clk 1:31:34]} 5. Bg5 {[%clk 1:28:20]} h6 {[%clk 1:31:07]}
6. Bh4 {[%clk 1:28:23]} O-O {[%clk 1:31:31]} 7. Nf3 {[%clk 1:27:27]} Nbd7
{[%clk 1:31:43]} 8. cxd5 {[%clk 1:26:03]} exd5 {[%clk 1:32:07]} 9. e3
{[%clk 1:25:38]} c6 {[%clk 1:32:28]} 10. Bd3 {[%clk 1:24:35]} Re8
{[%clk 1:31:16]} 11. O-O {[%clk 1:21:05]} Be7 {[%clk 1:29:52]} 12. Rac1
{[%clk 1:15:42]} Ne4 {[%clk 1:27:09]} 13. Bxe4 {[%clk 1:04:00]} dxe4
{[%clk 1:27:05]} 14. Qxe4 {[%clk 1:02:57]} Nf6 {[%clk 1:26:35]} 15. Qc2
{[%clk 1:02:33]} Be6 {[%clk 1:24:37]} 16. Rfd1 {[%clk 1:01:05]} Nd5
{[%clk 1:22:40]} 17. Bxe7 {[%clk 1:01:07]} Qxe7 {[%clk 1:23:03]} 18. a3
{[%clk 0:58:13]} Nxc3 {[%clk 1:20:16]} 19. Qxc3 {[%clk 0:58:34]} Bg4
{[%clk 1:20:25]} 20. Re1 {[%clk 0:55:42]} Bxf3 {[%clk 1:20:15]} 21. gxf3
{[%clk 0:56:10]} Qh4 {[%clk 1:19:32]} 22. Qd2 {[%clk 0:44:38]} Qh3
{[%clk 1:17:52]} 23. Qe2 {[%clk 0:43:07]} Rad8 {[%clk 1:18:09]} 24. Rcd1
{[%clk 0:43:12]} Rd5 {[%clk 1:18:01]} 25. f4 {[%clk 0:42:59]} g5 {[%clk 1:02:03]}
26. Qf1 {[%clk 0:38:16]} Qxf1+ {[%clk 0:59:01]} 27. Kxf1 {[%clk 0:38:40]} gxf4
{[%clk 0:59:26]} 28. e4 {[%clk 0:38:26]} Rd6 {[%clk 0:58:22]} 29. Rd2
{[%clk 0:37:07]} Red8 {[%clk 0:58:12]} 30. Red1 {[%clk 0:37:26]} f3
{[%clk 0:56:39]} 31. Rd3 {[%clk 0:35:22]} Kf8 {[%clk 0:56:41]} 32. h3
{[%clk 0:31:30]} Ke7 {[%clk 0:53:01]} 33. Kg1 {[%clk 0:30:02]} h5
{[%clk 0:52:16]} 34. Kh2 {[%clk 0:27:48]} b6 {[%clk 0:48:38]} 35. Kg3
{[%clk 0:23:44]} Rf6 {[%clk 0:48:53]} 36. Kh2 {[%clk 0:19:20]} Rf4
{[%clk 0:48:34]} 37. Re3 {[%clk 0:17:56]} Rg8 {[%clk 0:47:07]} 38. Rf1
{[%clk 0:13:44]} Rh4 {[%clk 0:47:07]} 39. Rxf3 {[%clk 0:13:38]} Rxe4
{[%clk 0:47:33]} 40. Re3 {[%clk 0:13:43]} Rxe3 {[%clk 0:47:42]} 41. fxe3
{[%clk 0:13:27]} Ke6 {[%clk 0:48:00]} 42. Rf4 {[%clk 0:11:27]} Rg5
{[%clk 0:47:22]} 43. h4 {[%clk 0:10:56]} Rb5 {[%clk 0:46:34]} 44. b4
{[%clk 0:11:13]} a5 {[%clk 0:46:57]} 45. Kg3 {[%clk 0:06:50]} axb4
{[%clk 0:47:15]} 46. axb4 {[%clk 0:07:16]} Ke7 {[%clk 0:47:32]} 47. Re4+
{[%clk 0:07:09]} Kf6 {[%clk 0:47:53]} 48. Re8 {[%clk 0:06:21]} Rxb4
{[%clk 0:47:49]} 49. Rc8 {[%clk 0:05:57]} Rc4 {[%clk 0:47:54]} 50. Rb8
{[%clk 0:05:06]} b5 {[%clk 0:47:16]} 51. Rb6 {[%clk 0:04:52]} Kf5
{[%clk 0:47:23]} 52. Kf3 {[%clk 0:05:09]} Rc3 {[%clk 0:46:05]} 53. Rb7
{[%clk 0:05:11]} f6 {[%clk 0:44:46]} 54. Ke4+ {[%clk 0:03:20]} Ke5+
{[%clk 0:44:46]} 1/2-1/2

[Event "PMPJ 2022 - C15"]
[Site "Jastrzebia Gora"]
[Date "2022.11.12"]
[Round "2.11"]
[White "Latacz, Grzegorz"]
[Black "Nawrocki, Michal"]
[Result "1-0"]
[BlackElo "1432"]
[WhiteElo "1645"]
[LiveChessVersion "1.4.4"]

1. d4 {[%clk 1:30:57]} Nf6 {[%clk 1:30:50]} 2. c4 {[%clk 1:31:10]} e6
{[%clk 1:31:15]} 3. Nf3 {[%clk 1:31:33]} d5 {[%clk 1:31:38]} 4. Nc3
{[%clk 1:31:33]} c6 {[%clk 1:31:42]} 5. cxd5 {[%clk 1:31:59]} exd5
{[%clk 1:32:05]} 6. Bg5 {[%clk 1:32:15]} Be7 {[%clk 1:32:28]} 7. e3
{[%clk 1:32:35]} Bf5 {[%clk 1:32:11]} 8. Bd3 {[%clk 1:23:45]} Bxd3
{[%clk 1:32:12]} 9. Qxd3 {[%clk 1:23:08]} Nbd7 {[%clk 1:30:41]} 10. O-O
{[%clk 1:21:51]} O-O {[%clk 1:30:10]} 11. Rab1 {[%clk 1:16:08]} Ne4
{[%clk 1:26:56]} 12. Bf4 {[%clk 1:13:52]} Ndf6 {[%clk 1:25:19]} 13. Ne5
{[%clk 1:09:10]} Nd6 {[%clk 1:21:20]} 14. h3 {[%clk 1:05:40]} Nfe4
{[%clk 1:09:59]} 15. f3 {[%clk 0:50:19]} Nxc3 {[%clk 1:04:14]} 16. bxc3
{[%clk 0:49:13]} Qa5 {[%clk 1:03:08]} 17. Qc2 {[%clk 0:37:47]} Rac8
{[%clk 1:01:10]} 18. Nd7 {[%clk 0:27:40]} Rfd8 {[%clk 1:00:39]} 19. Nc5
{[%clk 0:27:20]} Nb5 {[%clk 1:00:15]} 20. Nxb7 {[%clk 0:25:43]} Qxc3
{[%clk 0:56:56]} 21. Qxc3 {[%clk 0:24:47]} Nxc3 {[%clk 0:57:15]} 22. Nxd8
{[%clk 0:25:05]} Bxd8 {[%clk 0:53:54]} 23. Rb8 {[%clk 0:21:45]} Rxb8
{[%clk 0:54:16]} 24. Bxb8 {[%clk 0:22:08]} Bb6 {[%clk 0:54:04]} 25. Kf2
{[%clk 0:19:12]} c5 {[%clk 0:53:21]} 26. dxc5 {[%clk 0:17:46]} Bxc5
{[%clk 0:53:44]} 27. Rc1 {[%clk 0:15:23]} d4 {[%clk 0:54:10]} 28. exd4
{[%clk 0:14:49]} Bxd4+ {[%clk 0:54:31]} 29. Kf1 {[%clk 0:14:37]} h5
{[%clk 0:53:53]} 30. Bxa7 {[%clk 0:13:07]} Bf6 {[%clk 0:54:01]} 31. Rc2
{[%clk 0:12:24]} Nb5 {[%clk 0:53:47]} 32. Bc5 {[%clk 0:12:22]} 1-0

[Event "PMPJ 2022 - C15"]
[Site "Jastrzebia Gora"]
[Date "2022.11.12"]
[Round "2.12"]
[White "Trochimczuk, Szymon"]
[Black "Zydok, Ignacy"]
[Result "0-1"]
[BlackElo "1200"]
[WhiteElo "1630"]
[LiveChessVersion "1.4.4"]

1. d4 {[%clk 1:30:59]} Nf6 {[%clk 1:30:58]} 2. c4 {[%clk 1:31:23]} e5
{[%clk 1:31:26]} 3. dxe5 {[%clk 1:31:40]} Ng4 {[%clk 1:31:53]} 4. Bf4
{[%clk 1:31:43]} g5 {[%clk 1:32:20]} 5. Bg3 {[%clk 1:31:09]} Nc6 {[%clk 1:32:48]}
6. Nf3 {[%clk 1:30:03]} Bg7 {[%clk 1:33:15]} 7. Nc3 {[%clk 1:29:12]} Ngxe5
{[%clk 1:32:11]} 8. Nxe5 {[%clk 1:28:38]} Nxe5 {[%clk 1:32:35]} 9. e3
{[%clk 1:27:55]} O-O {[%clk 1:31:49]} 10. h4 {[%clk 1:25:28]} g4 {[%clk 1:31:48]}
11. Bxe5 {[%clk 1:24:29]} Bxe5 {[%clk 1:32:16]} 12. Qxg4+ {[%clk 1:24:46]} Kh8
{[%clk 1:32:38]} 13. Bd3 {[%clk 1:18:48]} d6 {[%clk 1:29:24]} 14. Qe2
{[%clk 1:14:00]} f5 {[%clk 1:26:17]} 15. O-O-O {[%clk 1:07:22]} c6
{[%clk 1:22:07]} 16. Qc2 {[%clk 1:06:08]} Be6 {[%clk 1:11:25]} 17. Ne2
{[%clk 1:04:23]} b5 {[%clk 1:05:25]} 18. Nd4 {[%clk 0:58:06]} Bg8
{[%clk 0:58:39]} 19. Nxc6 {[%clk 0:56:54]} Qc7 {[%clk 0:59:06]} 20. Nxe5
{[%clk 0:39:47]} dxe5 {[%clk 0:59:31]} 21. c5 {[%clk 0:25:37]} Rab8
{[%clk 0:50:09]} 22. Kb1 {[%clk 0:23:01]} b4 {[%clk 0:47:41]} 23. b3
{[%clk 0:22:31]} a5 {[%clk 0:46:12]} 24. Bxf5 {[%clk 0:13:52]} a4
{[%clk 0:45:02]} 25. Be4 {[%clk 0:12:57]} axb3 {[%clk 0:39:14]} 26. axb3
{[%clk 0:13:21]} Rb5 {[%clk 0:39:11]} 27. Qb2 {[%clk 0:09:35]} Rxc5
{[%clk 0:38:47]} 28. Rc1 {[%clk 0:09:47]} Rc3 {[%clk 0:39:08]} 29. f4
{[%clk 0:05:45]} Rb8 {[%clk 0:37:01]} 30. Rhd1 {[%clk 0:05:04]} Rc8
{[%clk 0:32:52]} 31. Bf5 {[%clk 0:05:23]} Bxb3 {[%clk 0:32:03]} 32. Bxc8
{[%clk 0:04:54]} Bxd1 {[%clk 0:32:20]} 33. Rxd1 {[%clk 0:04:22]} Qxc8
{[%clk 0:32:46]} 34. e4 {[%clk 0:02:53]} Qc4 {[%clk 0:31:33]} 0-1

[Event "PMPJ 2022 - C15"]
[Site "Jastrzebia Gora"]
[Date "2022.11.12"]
[Round "2.14"]
[White "Paluszek, Jan"]
[Black "Lonski, Aleksander"]
[Result "0-1"]
[BlackElo "1656"]
[WhiteElo "1348"]
[LiveChessVersion "1.4.4"]

1. e4 {[%clk 1:30:58]} c5 {[%clk 1:30:56]} 2. Nc3 {[%clk 1:31:23]} Nc6
{[%clk 1:30:29]} 3. Bb5 {[%clk 1:31:46]} Nd4 {[%clk 1:31:07]} 4. Bc4
{[%clk 1:31:00]} d6 {[%clk 1:29:20]} 5. Nge2 {[%clk 1:30:41]} Nxe2
{[%clk 1:27:52]} 6. Qxe2 {[%clk 1:30:18]} e6 {[%clk 1:23:44]} 7. d3
{[%clk 1:23:26]} g6 {[%clk 1:21:02]} 8. O-O {[%clk 1:22:47]} Bg7 {[%clk 1:19:34]}
9. Be3 {[%clk 1:20:40]} Ne7 {[%clk 1:18:52]} 10. Qd2 {[%clk 1:16:53]} O-O
{[%clk 1:18:02]} 11. Bh6 {[%clk 1:16:06]} d5 {[%clk 1:14:36]} 12. Bb3
{[%clk 1:14:46]} a6 {[%clk 1:12:08]} 13. a4 {[%clk 1:09:01]} b6 {[%clk 1:10:18]}
14. Bxg7 {[%clk 1:04:32]} Kxg7 {[%clk 1:07:30]} 15. f4 {[%clk 1:02:18]} Bb7
{[%clk 1:02:34]} 16. exd5 {[%clk 0:57:23]} exd5 {[%clk 0:59:10]} 17. Ne2
{[%clk 0:47:10]} Qd7 {[%clk 0:51:25]} 18. a5 {[%clk 0:31:15]} Qc6
{[%clk 0:31:55]} 19. d4 {[%clk 0:31:22]} c4 {[%clk 0:28:25]} 20. Ba2
{[%clk 0:31:17]} Rae8 {[%clk 0:26:13]} 21. Ng3 {[%clk 0:30:41]} Bc8
{[%clk 0:25:17]} 22. c3 {[%clk 0:29:20]} b5 {[%clk 0:21:17]} 23. Bb1
{[%clk 0:29:23]} Nf5 {[%clk 0:21:41]} 24. Bxf5 {[%clk 0:29:36]} Bxf5
{[%clk 0:22:04]} 25. Nxf5+ {[%clk 0:29:59]} gxf5 {[%clk 0:22:30]} 26. Rae1
{[%clk 0:28:15]} Re4 {[%clk 0:22:06]} 27. Rxe4 {[%clk 0:26:38]} fxe4
{[%clk 0:22:27]} 28. f5 {[%clk 0:26:58]} Qf6 {[%clk 0:20:31]} 29. Rf4
{[%clk 0:23:25]} Kh8 {[%clk 0:18:58]} 30. Qf2 {[%clk 0:18:35]} Rg8
{[%clk 0:17:33]} 31. Kf1 {[%clk 0:17:44]} Qg5 {[%clk 0:13:30]} 32. g3
{[%clk 0:15:32]} f6 {[%clk 0:11:45]} 33. Qe2 {[%clk 0:13:44]} Qg7
{[%clk 0:09:53]} 34. Qh5 {[%clk 0:12:52]} Qe7 {[%clk 0:07:46]} 35. Ke2
{[%clk 0:08:38]} b4 {[%clk 0:04:24]} 36. Ke3 {[%clk 0:03:31]} Rb8
{[%clk 0:03:39]} 37. Rf2 {[%clk 0:02:18]} bxc3 {[%clk 0:02:49]} 38. bxc3
{[%clk 0:02:47]} Qa3 {[%clk 0:01:17]} 39. Rc2 {[%clk 0:02:22]} Qa1
{[%clk 0:00:36]} 40. Qh6 {[%clk 0:02:12]} Qe1+ {[%clk 0:00:44]} 41. Kf4
{[%clk 0:02:15]} Qf1+ {[%clk 0:01:00]} 42. Kg4 {[%clk 0:02:08]} Qf3+
{[%clk 0:01:22]} 43. Kh3 {[%clk 0:01:39]} Qxf5+ {[%clk 0:01:42]} 44. Kg2
{[%clk 0:01:48]} Qf3+ {[%clk 0:01:48]} 45. Kh3 {[%clk 0:02:07]} Kg8
{[%clk 0:01:11]} 46. Qd2 {[%clk 0:00:45]} Re8 {[%clk 0:00:46]} 47. Rb2
{[%clk 0:00:46]} e3 {[%clk 0:00:46]} 48. Qe2 {[%clk 0:00:52]} Qe4
{[%clk 0:00:39]} 49. Rb7 {[%clk 0:00:45]} f5 {[%clk 0:00:46]} 50. Qe1
{[%clk 0:00:37]} e2 {[%clk 0:00:49]} 51. Rb2 {[%clk 0:00:36]} Qf3
{[%clk 0:00:39]} 52. Kh4 {[%clk 0:00:38]} Qg4# {[%clk 0:00:57]} 0-1

[Event "PMPJ 2022 - C15"]
[Site "Jastrzebia Gora"]
[Date "2022.11.12"]
[Round "2.15"]
[White "Nowak, Maciej"]
[Black "Klisowski, Bartosz"]
[Result "1/2-1/2"]
[BlackElo "1634"]
[WhiteElo "1389"]
[LiveChessVersion "1.4.4"]

1. e4 c5 2. Nf3 Nc6 3. Bb5 e6 4. Bxc6 bxc6 5. O-O Ne7 6. Re1 Ng6 7. d3 Be7 8. Nc3
O-O 9. b3 d6 10. Bb2 e5 11. h3 Be6 12. Ne2 Qd7 13. Kh2 f5 14. Neg1 Rf7 15. Re3
Raf8 16. c3 fxe4 17. dxe4 Nf4 18. b4 c4 19. a4 Rf6 20. Bc1 Rg6 21. Ne1 Bg5 22.
Rf3 Rh6 23. Rg3 Bh4 24. Nef3 Bxg3+ 25. fxg3 Rhf6 26. gxf4 exf4 27. a5 Qc7 28. Qd4
c5 29. bxc5 dxc5 30. Qe5 Qf7 31. Bd2 h6 32. Qxc5 g5 33. Ne5 Qb7 34. Qd4 Qc7 35.
Ngf3 Rd8 36. Qf2 Qb7 37. Re1 Qc7 38. a6 Rd6 39. Ra1 Bc8 40. Nd4 Rxa6 41. Rxa6
Rxa6 42. Ndf3 Rd6 43. Nd4 Ra6 44. Ndf3 1/2-1/2

[Event "PMPJ 2022 - C15"]
[Site "Jastrzebia Gora"]
[Date "2022.11.12"]
[Round "2.16"]
[White "Duda, Leon"]
[Black "Pieczulis, Hubert"]
[Result "1-0"]
[BlackElo "1412"]
[WhiteElo "1621"]
[LiveChessVersion "1.4.4"]

1. e4 e5 2. Nf3 Nf6 3. Nxe5 d6 4. Nf3 Nxe4 5. d3 Nf6 6. d4 d5 7. Bd3 Be7 8. Bf4
O-O 9. O-O Bg4 10. h3 Bh5 11. Nbd2 c5 12. c3 Nc6 13. dxc5 Bxc5 14. Nb3 Bb6 15.
Be2 Ne4 16. Nfd4 Bxe2 17. Nxe2 Qh4 18. Be3 Bxe3 19. fxe3 Qg5 20. Nf4 Rad8 21. Nd4
Ne5 22. Nf3 Nxf3+ 23. Rxf3 Rfe8 24. Qd4 b6 25. Rd1 Nf6 26. b3 Re4 27. Qd3 Rd7 28.
Qb5 Qe5 29. Rd3 Rd6 30. Qa6 Qe7 31. Qa3 Qc7 32. Rf1 Rd7 33. Rfd1 Qe5 34. Qc1 g5
35. Ne2 g4 36. Nf4 gxh3 37. gxh3 Nh5 38. Rxd5 Qg7+ 39. Kh1 Rxd5 40. Rxd5 Nf6 41.
Rd8+ Ne8 42. Nh5 Qe5 43. Rxe8+ 1-0

[Event "PMPJ 2022 - C15"]
[Site "Jastrzebia Gora"]
[Date "2022.11.12"]
[Round "2.17"]
[White "Palasz, Jakub"]
[Black "Sniadecki, Oskar"]
[Result "1/2-1/2"]
[BlackElo "1615"]
[WhiteElo "1170"]
[LiveChessVersion "1.4.4"]

1. e4 c6 2. Nf3 d5 3. Nc3 Nf6 4. exd5 cxd5 5. d4 Nc6 6. Bg5 Bg4 7. Be2 e6 8. O-O
h6 9. Be3 Bxf3 10. Bxf3 Rc8 11. Qd2 Na5 12. Be2 Nc4 13. Bxc4 Rxc4 14. f4 Bb4 15.
f5 Ne4 16. Qe2 exf5 17. Rxf5 Bxc3 18. Re5+ Kf8 19. Rxe4 Qc7 20. Bf4 Qc6 21. Bd6+
Kg8 22. Re8+ Kh7 23. Qd3+ g6 24. Rxh8+ Kxh8 25. Be5+ f6 26. Bxf6+ Qxf6 27. bxc3
Kg7 28. Rf1 Qd6 29. Qe3 Rc8 30. Re1 Qf6 31. g3 Rf8 32. Qe7+ Qxe7 33. Rxe7+ Rf7
34. Rxf7+ Kxf7 35. Kf1 Ke6 36. c4 dxc4 37. c3 b5 38. a3 Kd5 39. Ke2 Ke4 40. Kd2
a5 41. a4 b4 42. cxb4 axb4 43. a5 c3+ 44. Kc2 Kxd4 45. a6 b3+ 46. Kxb3 Kd3 47. a7
c2 48. a8=Q c1=Q 49. Qa6+ Ke3 50. Qxg6 Qd1+ 51. Qc2 Qxc2+ 52. Kxc2 Kf3 53. Kd3 h5
54. Kd2 Kf2 55. Kd3 Kg2 56. Ke2 1/2-1/2

[Event "PMPJ 2022 - C15"]
[Site "Jastrzebia Gora"]
[Date "2022.11.12"]
[Round "2.18"]
[White "Matysik, Mateusz"]
[Black "Niemczyk, Krzysztof"]
[Result "1/2-1/2"]
[BlackElo "1575"]
[WhiteElo "1095"]
[LiveChessVersion "1.4.4"]

1. e4 {[%clk 1:30:58]} e5 {[%clk 1:30:55]} 2. Nf3 {[%clk 1:31:26]} Nc6
{[%clk 1:31:21]} 3. Bb5 {[%clk 1:31:53]} a6 {[%clk 1:31:46]} 4. Ba4
{[%clk 1:32:19]} d6 {[%clk 1:32:11]} 5. d4 {[%clk 1:30:51]} b5 {[%clk 1:31:09]}
6. Bb3 {[%clk 1:31:10]} Nxd4 {[%clk 1:30:00]} 7. Nxd4 {[%clk 1:31:08]} exd4
{[%clk 1:30:25]} 8. Qxd4 {[%clk 1:30:07]} c5 {[%clk 1:29:09]} 9. Qd5
{[%clk 1:28:42]} Be6 {[%clk 1:29:30]} 10. Qc6+ {[%clk 1:29:03]} Bd7
{[%clk 1:29:52]} 11. Qd5 {[%clk 1:28:18]} c4 {[%clk 1:30:08]} 12. Bxc4
{[%clk 1:26:37]} bxc4 {[%clk 1:30:31]} 13. Qxc4 {[%clk 1:27:05]} Nf6
{[%clk 1:29:23]} 14. Nc3 {[%clk 1:25:58]} Be7 {[%clk 1:28:41]} 15. O-O
{[%clk 1:24:36]} O-O {[%clk 1:29:05]} 16. Rd1 {[%clk 1:23:31]} Be6
{[%clk 1:27:34]} 17. Qe2 {[%clk 1:18:47]} Qc7 {[%clk 1:26:31]} 18. Bf4
{[%clk 1:16:24]} Qc6 {[%clk 1:24:41]} 19. Nd5 {[%clk 1:14:19]} Bxd5
{[%clk 1:11:38]} 20. exd5 {[%clk 1:12:55]} Nxd5 {[%clk 1:12:02]} 21. Qe4
{[%clk 1:10:25]} Rfe8 {[%clk 1:09:36]} 22. Qxd5 {[%clk 1:09:38]} Qxc2
{[%clk 1:09:52]} 23. Rd2 {[%clk 1:09:10]} Qg6 {[%clk 1:09:11]} 24. Re1
{[%clk 1:07:26]} Bf8 {[%clk 1:08:54]} 25. Rxe8 {[%clk 1:05:52]} Rxe8
{[%clk 1:08:59]} 26. h3 {[%clk 1:05:43]} h6 {[%clk 1:05:44]} 27. Qd3
{[%clk 1:00:26]} Re1+ {[%clk 1:03:36]} 28. Kh2 {[%clk 1:00:52]} Qxd3
{[%clk 1:04:00]} 29. Rxd3 {[%clk 1:01:15]} Re2 {[%clk 1:04:03]} 30. Bxd6
{[%clk 1:01:25]} Rxb2 {[%clk 1:04:24]} 31. Bxf8 {[%clk 1:01:38]} Kxf8
{[%clk 1:04:50]} 32. Ra3 {[%clk 1:01:51]} Rb6 {[%clk 1:05:15]} 1/2-1/2

[Event "PMPJ 2022 - C15"]
[Site "Jastrzebia Gora"]
[Date "2022.11.12"]
[Round "2.19"]
[White "Nagly, Wojciech"]
[Black "Mazurek, Filip"]
[Result "1/2-1/2"]
[BlackElo "1269"]
[WhiteElo "1559"]
[LiveChessVersion "1.4.4"]

1. d4 {[%clk 1:30:59]} Nf6 {[%clk 1:30:49]} 2. Nf3 {[%clk 1:30:39]} e6
{[%clk 1:31:10]} 3. e3 {[%clk 1:31:03]} d5 {[%clk 1:31:14]} 4. Be2
{[%clk 1:30:45]} c5 {[%clk 1:31:21]} 5. O-O {[%clk 1:30:48]} Nc6 {[%clk 1:31:27]}
6. Nbd2 {[%clk 1:29:15]} cxd4 {[%clk 1:30:49]} 7. exd4 {[%clk 1:29:15]} Be7
{[%clk 1:30:31]} 8. b3 {[%clk 1:28:50]} O-O {[%clk 1:30:09]} 9. Bb2
{[%clk 1:28:39]} b6 {[%clk 1:29:47]} 10. c4 {[%clk 1:27:27]} Bb7 {[%clk 1:28:21]}
11. Rc1 {[%clk 1:25:58]} dxc4 {[%clk 1:27:42]} 12. bxc4 {[%clk 1:23:23]} Rc8
{[%clk 1:26:12]} 13. Re1 {[%clk 1:20:18]} Qd6 {[%clk 1:18:52]} 14. Nf1
{[%clk 1:15:46]} Rfd8 {[%clk 1:14:32]} 15. Ne3 {[%clk 1:13:16]} Bf8
{[%clk 1:05:32]} 16. a3 {[%clk 1:08:16]} Ne7 {[%clk 1:04:46]} 17. Ne5
{[%clk 0:58:43]} Ng6 {[%clk 1:00:28]} 18. Qb3 {[%clk 0:54:25]} Qb8
{[%clk 0:47:35]} 19. Nxg6 {[%clk 0:46:35]} hxg6 {[%clk 0:47:44]} 20. Red1
{[%clk 0:40:03]} Bd6 {[%clk 0:41:41]} 21. h3 {[%clk 0:38:09]} Bf4
{[%clk 0:39:36]} 22. Rc2 {[%clk 0:28:56]} Ne4 {[%clk 0:36:04]} 23. Nf1
{[%clk 0:26:46]} Rd7 {[%clk 0:29:34]} 24. Bf3 {[%clk 0:23:06]} Nf6
{[%clk 0:28:22]} 25. Bc1 {[%clk 0:14:59]} Bxc1 {[%clk 0:27:12]} 26. Rcxc1
{[%clk 0:15:21]} Bxf3 {[%clk 0:27:02]} 27. Qxf3 {[%clk 0:15:36]} Rcd8
{[%clk 0:26:41]} 28. Qe3 {[%clk 0:08:24]} Ne8 {[%clk 0:25:51]} 29. Nh2
{[%clk 0:07:41]} Nd6 {[%clk 0:25:09]} 30. Nf3 {[%clk 0:06:27]} Nf5
{[%clk 0:25:18]} 31. Qe4 {[%clk 0:06:22]} Qb7 {[%clk 0:23:11]} 32. Qxb7
{[%clk 0:05:50]} Rxb7 {[%clk 0:23:30]} 33. g4 {[%clk 0:05:39]} Ne7
{[%clk 0:23:31]} 34. Kf1 {[%clk 0:04:11]} Rbd7 {[%clk 0:22:29]} 35. Ke2
{[%clk 0:03:56]} Nc6 {[%clk 0:22:20]} 36. Ke3 {[%clk 0:03:59]} Kf8
{[%clk 0:22:26]} 37. c5 {[%clk 0:03:38]} bxc5 {[%clk 0:21:58]} 38. Rxc5
{[%clk 0:03:59]} Ne7 {[%clk 0:22:06]} 39. Ne5 {[%clk 0:03:09]} Rb7
{[%clk 0:21:37]} 40. Rd3 {[%clk 0:02:15]} f6 {[%clk 0:20:51]} 41. Nc4
{[%clk 0:01:49]} Rbd7 {[%clk 0:18:58]} 42. Na5 {[%clk 0:01:36]} Kf7
{[%clk 0:15:25]} 43. Nc6 {[%clk 0:01:17]} Nxc6 {[%clk 0:15:00]} 44. Rxc6
{[%clk 0:01:47]} e5 {[%clk 0:12:34]} 45. d5 {[%clk 0:01:44]} Rxd5
{[%clk 0:08:28]} 46. Rc7+ {[%clk 0:01:47]} Ke6 {[%clk 0:08:24]} 47. Rxd5
{[%clk 0:02:15]} Rxd5 {[%clk 0:08:31]} 48. Rxa7 {[%clk 0:02:30]} Rb5
{[%clk 0:08:48]} 49. f3 {[%clk 0:02:41]} Rb3+ {[%clk 0:08:54]} 50. Kf2
{[%clk 0:03:05]} g5 {[%clk 0:08:52]} 51. a4 {[%clk 0:03:20]} Ra3 {[%clk 0:09:02]}
52. a5 {[%clk 0:03:34]} Ra2+ {[%clk 0:08:57]} 53. Kg3 {[%clk 0:03:29]} Ra3
{[%clk 0:09:11]} 54. Kf2 {[%clk 0:01:36]} Ra2+ {[%clk 0:09:26]} 55. Ke3
{[%clk 0:01:59]} Ra3+ {[%clk 0:09:40]} 56. Ke2 {[%clk 0:02:28]} Ra2+
{[%clk 0:10:01]} 57. Kd3 {[%clk 0:02:20]} Ra3+ {[%clk 0:10:23]} 58. Kc4
{[%clk 0:02:09]} Rxf3 {[%clk 0:09:36]} 59. Rxg7 {[%clk 0:02:31]} Ra3
{[%clk 0:06:25]} 60. Kb4 {[%clk 0:02:08]} Ra1 {[%clk 0:06:22]} 61. Rg8
{[%clk 0:01:44]} Kd7 {[%clk 0:06:00]} 62. Rg7+ {[%clk 0:01:30]} Kc6
{[%clk 0:05:52]} 63. Rf7 {[%clk 0:01:33]} Rb1+ {[%clk 0:05:20]} 64. Kc4
{[%clk 0:02:00]} Rc1+ {[%clk 0:04:38]} 65. Kd3 {[%clk 0:02:16]} Ra1
{[%clk 0:04:41]} 66. Rxf6+ {[%clk 0:02:40]} Kd5 {[%clk 0:04:14]} 67. a6
{[%clk 0:02:49]} Ra3+ {[%clk 0:03:52]} 68. Ke2 {[%clk 0:01:42]} Rxh3
{[%clk 0:04:00]} 69. Rf3 {[%clk 0:01:44]} Rh2+ {[%clk 0:03:54]} 70. Ke3
{[%clk 0:01:12]} Ra2 {[%clk 0:04:01]} 71. Rf6 {[%clk 0:01:38]} Ra3+
{[%clk 0:04:14]} 72. Kd2 {[%clk 0:02:07]} Ra4 {[%clk 0:03:35]} 73. Kc3
{[%clk 0:02:15]} Rxg4 {[%clk 0:03:36]} 74. Kb3 {[%clk 0:02:24]} Rg3+
{[%clk 0:03:57]} 75. Kb4 {[%clk 0:02:49]} Rg1 {[%clk 0:04:17]} 76. a7
{[%clk 0:01:40]} Ra1 {[%clk 0:04:27]} 77. Rf7 {[%clk 0:02:06]} Kc6
{[%clk 0:04:32]} 78. Rf6+ {[%clk 0:02:01]} Kb7 {[%clk 0:04:28]} 79. Rf7+
{[%clk 0:02:24]} Kb6 {[%clk 0:04:25]} 80. Rf5 {[%clk 0:02:42]} Rxa7
{[%clk 0:04:13]} 81. Rxg5 {[%clk 0:03:02]} Re7 {[%clk 0:04:31]} 82. Rg6+
{[%clk 0:03:22]} Kc7 {[%clk 0:04:47]} 83. Kc3 {[%clk 0:03:48]} Kd7
{[%clk 0:05:00]} 84. Kd3 {[%clk 0:04:12]} Re6 {[%clk 0:05:19]} 85. Rg7+
{[%clk 0:04:32]} Kd6 {[%clk 0:05:29]} 86. Ra7 {[%clk 0:04:56]} e4+
{[%clk 0:05:23]} 87. Ke3 {[%clk 0:05:20]} Ke5 {[%clk 0:05:42]} 88. Ra5+
{[%clk 0:05:39]} Kf6 {[%clk 0:05:48]} 89. Ra4 {[%clk 0:05:59]} Kf5
{[%clk 0:06:05]} 90. Ra5+ {[%clk 0:06:25]} Re5 {[%clk 0:06:28]} 91. Ra8
{[%clk 0:06:51]} Re6 {[%clk 0:04:50]} 1/2-1/2

[Event "PMPJ 2022 - C15"]
[Site "Jastrzebia Gora"]
[Date "2022.11.12"]
[Round "2.20"]
[White "Brudzynski, Wojciech"]
[Black "Leszczewicz, Karol"]
[Result "1/2-1/2"]
[BlackElo "1554"]
[WhiteElo "1246"]
[LiveChessVersion "1.4.4"]

1. d4 {[%clk 1:30:59]} Nf6 {[%clk 1:30:51]} 2. c4 {[%clk 1:31:25]} c5
{[%clk 1:31:11]} 3. d5 {[%clk 1:31:47]} b5 {[%clk 1:31:33]} 4. Nf3
{[%clk 1:31:54]} Bb7 {[%clk 1:31:49]} 5. Nbd2 {[%clk 1:31:10]} bxc4
{[%clk 1:30:54]} 6. e4 {[%clk 1:30:04]} d6 {[%clk 1:31:15]} 7. Bxc4
{[%clk 1:30:10]} g6 {[%clk 1:31:34]} 8. O-O {[%clk 1:29:47]} Bg7 {[%clk 1:31:45]}
9. Rb1 {[%clk 1:29:04]} O-O {[%clk 1:26:44]} 10. b3 {[%clk 1:28:57]} Ba6
{[%clk 1:19:35]} 11. Bb2 {[%clk 1:27:25]} Bxc4 {[%clk 1:19:47]} 12. bxc4
{[%clk 1:27:53]} Nbd7 {[%clk 1:19:37]} 13. Qc2 {[%clk 1:26:04]} Qc7
{[%clk 1:18:06]} 14. Ne1 {[%clk 1:21:34]} Rfb8 {[%clk 1:12:24]} 15. f4
{[%clk 1:17:34]} Rxb2 {[%clk 1:08:39]} 16. Rxb2 {[%clk 1:14:40]} Ng4
{[%clk 1:08:05]} 17. Rb3 {[%clk 1:11:28]} Bd4+ {[%clk 1:08:16]} 18. Kh1
{[%clk 1:11:49]} Nf2+ {[%clk 1:05:19]} 19. Rxf2 {[%clk 1:11:57]} Bxf2
{[%clk 1:05:40]} 20. Ndf3 {[%clk 1:10:52]} Bxe1 {[%clk 1:05:34]} 21. Nxe1
{[%clk 1:11:21]} Rb8 {[%clk 1:05:00]} 22. Nf3 {[%clk 1:08:13]} Rxb3
{[%clk 0:47:31]} 23. Qxb3 {[%clk 1:08:33]} f6 {[%clk 0:43:21]} 24. Kg1
{[%clk 1:06:50]} Qb6 {[%clk 0:43:39]} 25. Kf2 {[%clk 1:06:50]} Kf7
{[%clk 0:43:57]} 26. Ke3 {[%clk 1:07:02]} Qxb3+ {[%clk 0:42:49]} 27. axb3
{[%clk 1:07:31]} Ke8 {[%clk 0:43:03]} 28. g4 {[%clk 1:06:54]} a5 {[%clk 0:41:30]}
29. Kd3 {[%clk 1:05:55]} Kd8 {[%clk 0:41:28]} 30. Kc2 {[%clk 1:05:38]} Kc7
{[%clk 0:41:31]} 31. Kc3 {[%clk 1:05:26]} 1/2-1/2